Sports Quiz

Random Sports or NBA Quiz
Score 0/51 Timer 08:00
0 Plays Today
Hint Answer % Correct
36 points - 1970 - MILKareem Abdul-Jabbar
85%
32 points - 2006 - CLELeBron James
55%
37 points - 1949 - MNLGeorge Mikan
50%
36 points - 2009 - CHIDerrick Rose
50%
35 points - 1960 - PHWWilt Chamberlain
50%
35 points - 2015 - NOPAnthony Davis
50%
32 points - 1998 - SASTim Duncan
45%
35 points - 2008 - NOHChris Paul
40%
30 points - 1999 - PHIAllen Iverson
40%
30 points - 2015 - CLEKyrie Irving
40%
30 points - 1989 - GSWMitch Richmond
40%
28 points - 2003 - DETRichard Hamilton
40%
27 points - 2018 - UTADonovan Mitchell
40%
26 points - 1990 - SASDavid Robinson
40%
31 points - 2014 - POR Damian Lillard
35%
31 points - 2002 - BOS Paul Pierce
35%
30 points - 1968 - DETDave Bing
35%
30 points - 1993 - CHHAlonzo Mourning
35%
32 points - 1969 - BALEarl Monroe
30%
31 points - 1969 - SDRElvin Hayes
30%
30 points - 2005 - CHIBen Gordon
30%
29 points - 1974 - BUFBob McAdoo
30%
29 points - 1982 - DENKiki Vandeweghe
30%
28 points - 1997 - MINStephon Marbury
30%
27 points - 1974 - DETBob Lanier
30%
26 points - 1989 - PHO Kevin Johnson
30%
Hint Answer % Correct
26 points - 2019 - BRKD’Angelo Russell
30%
34 points - 2010 - MILBrandon Jennings
25%
31 points - 1978 - PHOWalter Davis
25%
30 points - 1963 - DETDave DeBusschere
25%
30 points - 1982 - SASMike Mitchell
25%
29 points - 1995 - LALNick Van Exel
25%
26 points - 2001 - DALMichael Finley
25%
26 points - 1985 - HOURalph Sampson
25%
29 points - 1960 - DETBailey Howell
20%
27 points - 1955 - SYRRed Kerr
20%
26 points - 1985 - DAL Sam Perkins
20%
34 points - 1962 - DETRay Scott
15%
30 points - 1993 - CHHKendall Gill
15%
27 points - 1990 - SASWillie Anderson
15%
26 points - 1967 - STL Lou Hudson
15%
26 points - 1971 - LALJim McMillian
15%
26 points - 1984 - DETKelly Tripucka
15%
34 points - 1948 - BLBConnie Simmons
10%
33 points - 1966 - STLJoe Caldwell
10%
26 points - 1996 - POR Arvydas Sabonis
10%
36 points - 1976 - MILGary Brokaw
5%
29 points - 1980 - POR Billy Ray Bates
5%
29 points - 1947 - CHSTony Jaros
5%
26 points - 1979 - POR Ron Brewer
5%
26 points - 1967 - LALArchie Clarke
5%

You're not logged in!

Compare scores with friends on all Sporcle quizzes.
OR
Log In

Sporcle TV

Today on Sporcle TV


Watch our educational content, quiz creation guides, and fun videos on Sporcle TV.

Show Comments

Extras

Created Oct 2, 2019ReportNominate
Tags:NBA Quiz

Top Quizzes Today


Score Distribution

Paid Content

Your Account Isn't Verified!

In order to create a playlist on Sporcle, you need to verify the email address you used during registration. Go to your Sporcle Settings to finish the process.

Report this User

Report this user for behavior that violates our Community Guidelines.

Details: